| 000 -LEADER |
| fixed length control field |
00394nam a22001337a 4500 |
| 020 ## - INTERNATIONAL STANDARD BOOK NUMBER |
| International Standard Book Number |
9789390644643 |
| 082 ## - DEWEY DECIMAL CLASSIFICATION NUMBER |
| Classification number |
H12x54 J199 |
| 100 ## - MAIN ENTRY--PERSONAL NAME |
| Personal name |
Jai, Janak Raj |
| 9 (RLIN) |
32793 |
| 245 ## - TITLE STATEMENT |
| Title |
Betrayal on appointments in judiciary: cry my mother cry |
| Statement of responsibility, etc |
by Janak Raj Jai |
| 260 ## - PUBLICATION, DISTRIBUTION, ETC. (IMPRINT) |
| Place of publication, distribution, etc |
Delhi |
| Name of publisher, distributor, etc |
Law & Justice |
| Date of publication, distribution, etc |
2022 |
| 300 ## - PHYSICAL DESCRIPTION |
| Extent |
139+p. |
| 650 ## - SUBJECT ADDED ENTRY--TOPICAL TERM |
| Topical term or geographic name as entry element |
Judges - India |
| 9 (RLIN) |
32794 |
| 650 ## - SUBJECT ADDED ENTRY--TOPICAL TERM |
| Topical term or geographic name as entry element |
Judicial power - India |
| 9 (RLIN) |
32795 |